000 00595nam a22001937a 4500
003 KOHA_MİRAKIL
005 20250416175637.0
008 250416b tu ||||| |||| 00| 0 tur d
020 _a9786256362451
040 _aTR-AnABB
_btur
_cTR-AnABB
041 _atur
082 _a280.4
_bGUN 2023
100 1 _aGüngör, Celalettin,
245 1 0 _aFransa'da protestanlık ve Saint Bartholomew katliamı bir insanlık acısı /
_cCelalettin Güngör
260 _aAnkara :
_bBarış Kitapevi,
_c2023
300 _a304 sayfa ;
_c21 cm
650 0 4 _aTürk edebiyatı, roman
942 _2ddc
_cBK
999 _c8728
_d8728
900 _bGizem YORULMAZ